000 00498nam a2200181Ia 4500
005 20250326124708.0
008 250326s9999 xx 000 0 und d
037 _aTextbook
040 _aFMSL
_beng
_cFMSL
041 _aeng
_2eng
084 _aX:51 M4;3
_qFMSL
100 _aStanton W J
_9235947
245 0 _aFundamantals of marketing
_cStanton W J
260 _aNew Delhi
_bNew Delhi, McGraw-Hill
_c1984
300 _a697p
942 _cTB
_hX:51 M4;3
999 _c1274787
_d1274787